000 00796cam a2200253 a 4500
001 000014562
005 20250314135209.0
008 931227s1993 sp b 001 0 spa c
020 _a847423591X
035 _a(DLC) 93247442
040 _aDO-SdBNP
_cCU
_dDLC
082 _a302.54
_bC199p
100 1 _aCamps, Victoria,
_d1941-
_932961
245 1 0 _aParadojas del individualismo /
_cVictoria Camps.
260 _aBarcelona, España :
_bCrítica,
_c1993.
300 _a201 p. ;
_c24 cm.
490 1 _aDrakontos
504 _aIncluye referencias bibliográficas, notas al pie de la páginas e índice.
650 4 _aIndividualismo
_xAspectos sociales
_932962
650 0 _aCiencia política
_95772
830 0 _aDrakontos.
_932963
910 _aCatalogación por copia / LC
049 _aBNGR
999 _c14149
_d14149